Statistics for Hazbin Hotel - Welcome To Heaven

Click here to take the quiz!

General Stats

  • This quiz has been taken 31 times
  • The average score is 77 of 121

Answer Stats

HintAnswer% Correct
Heaven,
100%
Heaven
100%
to
100%
we
100%
Welcome
100%
oh!
95%
a
85%
the
85%
is
80%
I'm
75%
it
75%
my
75%
can't
70%
every
70%
go
70%
happy
70%
no
70%
pleasure
70%
so
70%
yeah
70%
you
70%
back
65%
day
65%
down
65%
everyone
65%
here
65%
hot!
65%
in
65%
out
65%
say
65%
see
65%
sorry
65%
stay
65%
Where
65%
24/7,
60%
After
60%
and
60%
And
60%
'Cause
60%
got
60%
just
60%
never
60%
of
60%
Sera:Of
60%
show
60%
thee
60%
they
60%
wanna
60%
around
55%
beloved,
55%
Emily:Gosh,
55%
It's
55%
our
55%
outsiders
55%
perfect
55%
Please
55%
pleased
55%
some
55%
unto
55%
you'll
55%
afterlife
50%
are
50%
Check
50%
course,
50%
Saint Peter:Dearly
50%
died
50%
off
50%
single
50%
temporary
50%
that
50%
worries,
50%
your
50%
best
45%
decor,
45%
keep
45%
People
45%
spirits
45%
We've
45%
floor
40%
realm,
40%
sick
40%
strife
40%
brightest,
35%
reside
35%
virtuous
35%
leaven,
30%
lot
30%
brimstone
25%
burglaries,
25%
oh-oh
25%
politest
25%

Score Distribution

Percentile by Number Answered

Percent of People with Each Score

Your Score History

You have not taken this quiz